Animal Alphabet 48 - Statistics

General Stats
  • This quiz has been taken 23 times
  • The average score is 24 of 26
Answer Stats
Picture Hint Answer % Correct
C Crab
95%
D Dragon
95%
E Elephant
95%
F Flamingo
95%
G Giraffe
95%
J Jaguar
95%
K Koala
95%
L Lion
95%
M Monkey
95%
O Octopus
95%
T Turtle
95%
U Unicorn
95%
V Viper
95%
W Wolf
95%
Z Zebra
95%
B Bison
90%
H Hippopotamus
90%
P Peacock
90%
Q Quail
90%
R Rhinoceros
90%
A Antelope
85%
X X-Ray Wolf
85%
Y Yak
85%
S Salmon
80%
I Ibis
75%
N Newt
75%
No matching quizzes found
Score Distribution
Percent of People with Each Score
Percentile by Number Answered
Your Score History
You have not taken this quiz